| 000 | 00748nam a2200241 i 4500 | ||
|---|---|---|---|
| 001 | bg | ||
| 245 | 0 | 0 |
_aSłownik naukowo-techniczny Hutchinsona / _c[aut. Peter Lafferty et al. ; tł. z ang. Joanna Dąbrowska et al.]. |
| 246 |
_iTyt. oryg.: _aThe Hutchinson dictionary of science |
||
| 260 |
_aWarszawa : _b"EM", _c1997. |
||
| 300 |
_a750 s. : _bmapy, rys., wykr. ; _c22 cm. |
||
| 500 | _aOryg. : "The Hutchinson dictionary of science" 1995. | ||
| 650 | 9 | _aNauki przyrodnicze | |
| 650 | 9 | _aTechnika | |
| 655 | _aEncyklopedie | ||
| 700 | 1 | _aLAFFERTY, Peter. | |
| 020 | _a8386396407 | ||
| 040 | _cBPK | ||
| 041 | 1 |
_apl _hen |
|
| 080 | _a5+62](03) | ||
| 920 | _a83-86396-40-7 | ||
| 942 | _cKS | ||
| 008 | s pl f |000 0 pol | ||
| 999 |
_c33571 _d33571 |
||
| 856 |
_uhttp://koha.tu.koszalin.pl/cgi-bin/koha/opac-detail.pl?biblionumber=33571 _yKatalog online BPK |
||